000 00359nam a2200157Ia 4500
003 OSt
005 20240131162930.0
008 170524s9999 xx 000 0 und d
020 _a978-9350977033
040 _cIIMT UNIVERSITY
100 _aArora -M N
100 _c2011
245 0 _aCOST AND MANAGEMENT ACCOUNTING
260 _aVikas Pub
942 _2ddc
_c02
999 _c2516
_d2516